书目信息 |
| 题名: |
北京市中学体育教师继续教育教学大纲
|
|
| 作者: | 卡恰什金 著 ;陈庆树 译 ;北京市体育教师继续教育教学大纲编写组 编 | |
| 分册: | ||
| 出版信息: | 1990 |
|
| 页数: | 126页 | |
| 开本: | 20cm | |
| 丛书名: | ||
| 单 册: | ||
| 中图分类: | G633.96 , G807.04 | |
| 科图分类: | ||
| 主题词: | 教学法-体育 , 教育--各级 , 体育-教学法 | |
| 电子资源: | ||
| ISBN: | ||
| 000 | 01031nam0 2200277 45 | |
| 001 | 0184003045 | |
| 005 | 20070612112151.53 | |
| 100 | @a19950415d1990 emky0chiy0121 ea | |
| 101 | 1 | @achi@crus |
| 102 | @aCN@b110000 | |
| 105 | @ay z 000yy | |
| 200 | 10 | @a北京市中学体育教师继续教育教学大纲@Abei jing shi zhong xue ti yu jiao shi ji xu jiao yu jiao xue da gang@e试行稿@f北京市体育教师继续教育教学大纲编写组编@Fbei jing shi ti yu jiao shi ji xu jiao yu jiao xue da gang bian xie zu bian@g陈庆树译 |
| 210 | @d1990 | |
| 215 | @a126页@d20cm | |
| 517 | 1 | @a试行稿@Ashi xing gao |
| 606 | @a教学法-体育 | |
| 606 | 0 | @a教育@x各级 |
| 606 | @a体育-教学法 | |
| 690 | @aG633.96@v3 | |
| 690 | @aG807.04@v3 | |
| 701 | 1 | @a卡恰什金@Aka qia shi jin@bВ.М.@4著 |
| 702 | 0 | @a陈庆树@Achen qing shu@4译 |
| 711 | 02 | @a北京市体育教师继续教育教学大纲编写组@Abei jing shi ti yu jiao shi ji xu jiao yu jiao xue da gang bian xie zu@4编 |
| 801 | 2 | @aCN@bNLC@c20070612 |
| 801 | 0 | @aCN@b上海图书馆@c20040506 |
| 905 | @dG633.96@e97@f1@b140365 | |
| 北京市中学体育教师继续教育教学大纲:试行稿/北京市体育教师继续教育教学大纲编写组编/陈庆树译.-1990 |
| 126页;20cm |
| ISBN : |
| ● |
| 相关链接 |
|
|
|
|
正题名:北京市中学体育教师继续教育教学大纲
索取号:G633.96/97
 
预约/预借
| 序号 | 登录号 | 条形码 | 馆藏地/架位号 | 状态 | 备注 |
| 1 | 0638308 | 206383082 | 第一样本阅览室/ [索取号:G633.96/97] | 在馆 | |
| 2 | 0638309 | 206383091 | 密集书库/ [索取号:G633.96/97] | 在馆 | |
| 3 | 0638310 | 206383108 | 密集书库/ [索取号:G633.96/97] | 在馆 | |
| 4 | 0638311 | 206383117 | 密集书库/ [索取号:G633.96/97] | 在馆 | |
| 5 | 0638312 | 206383126 | 密集书库/ [索取号:G633.96/97] | 在馆 | |
| 6 | 0638313 | 206383135 | 密集书库/ [索取号:G633.96/97] | 在馆 | |
| 7 | 0638314 | 206383144 | 密集书库/ [索取号:G633.96/97] | 在馆 | |
| 8 | 0638315 | 206383153 | 密集书库/ [索取号:G633.96/97] | 在馆 | |
| 9 | 0638316 | 206383162 | 密集书库/ [索取号:G633.96/97] | 在馆 |